| 000 | 00429nam a22001577a 4500 | ||
|---|---|---|---|
| 082 |
_a625.8 _bDEP |
||
| 100 |
_aHMSO _940682 |
||
| 245 |
_aPavement design road note no 29, 31, 25, 39/ _cHMSO |
||
| 250 | _avolumn3 | ||
| 260 | _bHer Majesty's stationery office, | ||
| 300 |
_bill.; _c20 cm. |
||
| 526 |
_a0 _b0 _c0 _d625_800000000000000_DEP |
||
| 526 |
_a0 _b0 _c0 _d625_800000000000000_DEP |
||
| 650 |
_aMCE _9379 |
||
| 942 |
_2ddc _cBK |
||
| 999 |
_c547569 _d547569 |
||